Social economics of poverty: on identities, communities, groups and networks (Record no. 4439)
[ view plain ]
| 000 -LEADER | |
|---|---|
| fixed length control field | 00594nam a2200205Ia 4500 |
| 020 ## - INTERNATIONAL STANDARD BOOK NUMBER | |
| ISBN | 0-415-70089-2 |
| 082 ## - DEWEY DECIMAL CLASSIFICATION NUMBER | |
| Classification number | 339.46 SOC- |
| 245 #0 - TITLE STATEMENT | |
| Title | Social economics of poverty: on identities, communities, groups and networks |
| 260 ## - PUBLICATION, DISTRIBUTION, ETC. (IMPRINT) | |
| Place of publication | London |
| Name of publisher | Routledge |
| Year of publication | 2005 |
| 300 ## - PHYSICAL DESCRIPTION | |
| Number of Pages | xviii, 409 |
| 440 ## - SERIES STATEMENT/ADDED ENTRY--TITLE | |
| Title | Priorities in Development Economics |
| 650 ## - SUBJECT ADDED ENTRY--TOPICAL TERM | |
| Topical Term | Group identity |
| 650 ## - SUBJECT ADDED ENTRY--TOPICAL TERM | |
| Topical Term | Social network |
| 650 ## - SUBJECT ADDED ENTRY--TOPICAL TERM | |
| Topical Term | Economics |
| Form subdivision | Sociological aspects |
| 650 ## - SUBJECT ADDED ENTRY--TOPICAL TERM | |
| Topical Term | Poverty |
| 650 ## - SUBJECT ADDED ENTRY--TOPICAL TERM | |
| Topical Term | Human behavior |
| Form subdivision | Economic aspects |
| 700 ## - ADDED ENTRY--PERSONAL NAME | |
| Personal name | Mosley, Paul |
| 700 ## - ADDED ENTRY--PERSONAL NAME | |
| Personal name | Barrett, Christopher B. |
| 942 ## - ADDED ENTRY ELEMENTS (KOHA) | |
| Koha item type | Books |
| Withdrawn status | Lost status | Damaged status | Not for loan | Home library | Current library | Date acquired | Source of acquisition | Bill Date | Full call number | Accession Number | Price effective from | Koha item type |
|---|---|---|---|---|---|---|---|---|---|---|---|---|
| NASSDOC Library | NASSDOC Library | 05/12/2005 | OP | 2005-09-27 | 339.46 SOC- | 41131 | 18/04/2019 | Books |
